000 01096nam a22002177a 4500
999 _c12955
_d12955
003 AR-CdUCM
008 190410b ||||| |||| 00| 0 spa d
040 _aMUNICIPALIDAD PROVINCIAL DEL CUSCO
_cBIBLIOTECA MUNICIPAL DEL CUSCO
082 _aC / 869.56 /
_bV21
100 _aValenzuela Zea, Waldo
_96810
245 _aLos tambores de Saqsaywaman /
260 _aCusco :
_bQuality Print,
_c2008.
300 _a440 páginas ;
_c21 cm.
505 _aContenido: Astowilka y Kusirimay -- Génesis del Intiq Churin -- Rescate de Kusirimay -- El Triunfo de Astowilka -- Yawar Wakaq ante dos religiones -- Los dioses del Tawantinsuyu -- El Triunfo de Willka Umu Imperial -- La Religión antigua en el Sank'ay-wasi -- Wiraqocha en el templo de Raqch'i -- Secuestro del Intiq Churin -- Los guerreros del Qollasuyu en el Qosqo imperial -- Traición del Willa Umu, su alianza con los Ch'ancas.
650 _aNovelas peruanas
_9545
650 _aNovelas históricas peruanas
_911377
650 _aÉpoca Prehispánica
_92714
650 _aHistoria
_9136
942 _2ddc
_cLIBROS
945 _aacv
_d2019-04-10